000 00429nam a2200157 4500
020 _a0582426014
040 _cDLC
082 0 0 _a621 LON 1972 A037 Co.
100 1 _aJurek, Stefan F.
245 1 0 _aElectrical machines for technicians and technician engineers
260 _a[London]
_bLongman,
_c1972.
300 _axi, 340 p.
_billus.
_c24 cm.
650 0 _aElectric machinery.
650 0 _aElectric transformers.
942 _cEK
999 _c11506
_d11506